000 00828cam a2200289 a 4500
001 4296197
003 LC
005 20160229143639.0
008 860401s1986 nyu 000 1 eng
010 _a 86008873
020 _a0385234031 :
_c$17.95
040 _aDLC
_cDLC
_dDLC
050 0 0 _aPR 9619.3
_b.W4 1988
082 0 0 _aFIC
_bW52c 1986
100 1 _aWest, Morris L.
_d1916-
_918992
245 1 0 _aCassidy /
_cMorris West.
250 _a1st ed.
260 _aLondon :
_bCoronet books,
_cc1988.
300 _a302 p. :
_c18 cm.
650 _aFiction.
_9746
650 _aPoliticians -- United States -- Fiction.
650 _aUnited States -- Politics and government -- Fiction.
650 _aPolitics and government
906 _a7
_bcbc
_corignew
_d1
_eocip
_f19
_gy-gencatlg
942 _2lcc
_cBK
999 _c11113
_d11113